| 000 | 00611nam a2200217Ii 4500 | ||
|---|---|---|---|
| 003 | JO-AjNU | ||
| 008 | 230606s9999||||xx |||||||||||||| ||und|| | ||
| 020 | _a978-0-357-12795-7/978-0-357-12798-8 | ||
| 040 |
_aJO-AjNU _beng _erda _cJO-AjNU |
||
| 041 | _aeng | ||
| 050 | 1 | 4 | _aHG4521.M37 2021 |
| 100 | 3 |
_a MAYO, HERBERT B, _eauthor _96334 |
|
| 245 | 0 | 0 | _aINVESTMENTS AN INTRODUCTION |
| 250 | _a12th ed | ||
| 264 | 3 | 1 | _aAustralia: CENGAGE, 2021 |
| 300 | _a814p | ||
| 336 |
_atext _btxt _2rdacontent |
||
| 337 |
_aunmediated _bn _2rdamedia |
||
| 338 |
_avolume _bnc _2rdacarrier |
||
| 650 | 4 |
_aInvestments _96335 |
|
| 999 |
_aE3285 _c3281 _d3281 |
||